000 00271nam a2200121 a 4500
008 090930s1980|||| d
100 1 _aArseniev, V. K.
245 1 0 _aDersu Uzala
260 _bMladé letá
_aBratislava
_c1980
041 _aslo
044 _axo
_cSK
020 _c28
999 _c23
_d23